Handbuch der systematischen Botanik. (Record no. 141555)
[ view plain ]
| 000 -LEADER | |
|---|---|
| fixed length control field | 00992cam7a220024100 4500 |
| 001 - CONTROL NUMBER | |
| control field | qcf00639702 |
| 005 - DATE AND TIME OF LATEST TRANSACTION | |
| control field | 20190823085253.0 |
| 008 - FIXED-LENGTH DATA ELEMENTS--GENERAL INFORMATION | |
| fixed length control field | 830629s1935 gw a 000 0 ger d |
| 035 ## - SYSTEM CONTROL NUMBER | |
| System control number | (Sirsi) r54765 |
| 035 ## - SYSTEM CONTROL NUMBER | |
| System control number | (QCAT)lss03807281 |
| 035 ## - SYSTEM CONTROL NUMBER | |
| System control number | (UPRA)qcf00639702 |
| 040 ## - CATALOGING SOURCE | |
| Modifying agency | UPRA |
| 100 1# - MAIN ENTRY--PERSONAL NAME | |
| Titles and words associated with a name | Ritter von Westersheim, d8.1..21.10 |
| Linkage | A13584.1 |
| 245 10 - TITLE STATEMENT | |
| Title | Handbuch der systematischen Botanik. |
| 250 ## - EDITION STATEMENT | |
| Edition statement | Vierte, umgearbeite Auflage. |
| 260 ## - PUBLICATION, DISTRIBUTION, ETC. | |
| Place of publication, distribution, etc. | Leipzig ; Wien : |
| -- | Leipzig ; Wien : |
| Name of publisher, distributor, etc. | Franz Deuticke, |
| Date of publication, distribution, etc. | 1935. |
| 500 ## - GENERAL NOTE | |
| General note | Also issued in 2 v., 1933-35, paged continuously. Bd. I partly revised by author before his death. Work finished by his son, Fritz Wettstein. cf Geleitwort. |
| 504 ## - BIBLIOGRAPHY, ETC. NOTE | |
| Bibliography, etc. note | Includes bibliographical references. |
| 650 #0 - SUBJECT ADDED ENTRY--TOPICAL TERM | |
| Topical term or geographic name entry element | Botany -- Classification. |
| General subdivision | Botany -- Classification. |
| Linkage | S818.1 |
| 700 1# - ADDED ENTRY--PERSONAL NAME | |
| Personal name | Wettstein, Fritz von, 1895- |
| Dates associated with a name | Wettstein, Fritz von, 1895- |
| Linkage | A13585.1 |
| 949 ## - LOCAL PROCESSING INFORMATION (OCLC) | |
| a | QK97 |
| w | lcc |
| i | 33729000339064 |
| m | MAIN |
| p | 2500 |
| t | BOOK |
| l | ON-SHELF |
No items available.